000 00286nam a22001337a 4500
008 170407b xxu||||| |||| 00| 0 eng d
020 _a9781582551685
041 _aeng
080 _22 ED
_a616
100 _a9
101 _aSHM
245 _aPATHOSIOLOGY
_cMCCAN.J.A
942 _2udc
_cBK
999 _c10159
_d10159